Contemporary moral philosophy / (Record no. 44806)
[ view plain ]
| 000 -LEADER | |
|---|---|
| fixed length control field | 00804nam a2200277 a 4500 |
| 001 - CONTROL NUMBER | |
| control field | 44806 |
| 003 - CONTROL NUMBER IDENTIFIER | |
| rucl marc code | BD-RjUL |
| 005 - DATE AND TIME OF LATEST TRANSACTION | |
| control field | 20211209053924.0 |
| 008 - FIXED-LENGTH DATA ELEMENTS--GENERAL INFORMATION | |
| fixed length control field | 200716t1970 N b 000 0 eng d |
| 020 ## - INTERNATIONAL STANDARD BOOK NUMBER | |
| International Standard Book Number | 0333048970 |
| 035 ## - SYSTEM CONTROL NUMBER | |
| System control number | (BD-RjUL)44924 |
| System control number | 2253350 |
| 040 ## - CATALOGING SOURCE | |
| Original cataloging agency | ANL |
| Language of cataloging | eng |
| Transcribing agency | ANL |
| Modifying agency | BD-RjUL |
| 041 ## - LANGUAGE CODE | |
| Language code of text/sound track or separate title | eng |
| 082 04 - DEWEY DECIMAL CLASSIFICATION NUMBER | |
| Classification number | 170 |
| Edition number | 23 |
| Author mark and year | WAC 1969 |
| 100 1# - MAIN ENTRY--PERSONAL NAME | |
| Personal name | Warnock, G. J. |
| Fuller form of name | (Geoffrey James), |
| Dates associated with a name | 1923- |
| 9 (RLIN) | 137341 |
| 245 10 - TITLE STATEMENT | |
| Title | Contemporary moral philosophy / |
| Statement of responsibility, etc. | G. J. Warnock. |
| 260 ## - PUBLICATION, DISTRIBUTION, ETC. (IMPRINT) | |
| Place of publication, distribution, etc. | New York : |
| Name of publisher, distributor, etc. | Macmillan : |
| Date of publication, distribution, etc. | c1967 [Reprint 1969] |
| 300 ## - PHYSICAL DESCRIPTION | |
| Pagination | [6], 81 p. ; |
| Size | 22 cm. |
| 490 0# - SERIES STATEMENT | |
| Series statement | New studies in ethics |
| 500 ## - GENERAL NOTE | |
| General note | Macmillan papermac 3003. |
| 504 ## - BIBLIOGRAPHY, ETC. NOTE | |
| Bibliography, etc | Bibliography: p. 80-81. |
| 650 #0 - SUBJECT ADDED ENTRY--TOPICAL TERM | |
| Topical term or geographic name as entry element | Ethics, Modern |
| Chronological subdivision | 20th century. |
| 9 (RLIN) | 137342 |
| 942 ## - ADDED ENTRY ELEMENTS (KOHA) | |
| Source of classification or shelving scheme | Dewey Decimal Classification |
| Koha item type | Books |
| Lost status | Source of classification or shelving scheme | Damaged status | Not for loan | Collection code | Permanent Location | Current Location | Shelving location | Date acquired | Source of acquisition | Cost, normal purchase price | Total Checkouts | Full call number | Date last seen | Date checked out | Copy number | Koha item type |
|---|---|---|---|---|---|---|---|---|---|---|---|---|---|---|---|---|
| Dewey Decimal Classification | Non-fiction | Central Library, University of Rajshahi | Central Library, University of Rajshahi | 09/07/1973 | World university service | 0.00 | 1 | 170 WAC 1969 | 19/10/2025 | 12/10/2025 | C-2 | Books |